书目信息 |
| 题名: |
南怀瑾选集
|
|
| 作者: | 南怀瑾 著述 | |
| 分册: | 第九卷 金刚经说什么 楞严大义今释 | |
| 出版信息: | 上海 复旦大学出版社 2013 |
|
| 页数: | 12, 699页 | |
| 开本: | 23cm | |
| 丛书名: | ||
| 单 册: | ||
| 中图分类: | C52 , B942.1 | |
| 科图分类: | ||
| 主题词: | 文史哲--中国--文集 | |
| 电子资源: | ||
| ISBN: | 978-7-309-09446-6 | |
| 000 | 01124nam0 2200289 450 | |
| 001 | 337731 | |
| 005 | 20150526094608.37 | |
| 010 | @a978-7-309-09446-6@b精装@dCNY78.00 | |
| 100 | @a20130614d2013 em y0chiy50 ea | |
| 101 | 0 | @achi |
| 102 | @aCN@b310000 | |
| 105 | @ay z 000yy | |
| 106 | @ar | |
| 200 | 1 | @a南怀瑾选集@Anan huai jin xuan ji@h第九卷@i金刚经说什么 楞严大义今释@f南怀瑾述 |
| 210 | @a上海@c复旦大学出版社@d2013 | |
| 215 | @a12, 699页@d23cm | |
| 300 | @a典藏版 | |
| 305 | @a台湾老古文化事业股份有限公司授权出版 | |
| 330 | @a本书为南怀瑾先生有关《金刚经》的讲记。作者依据梁代昭明太子的分法, 将《金刚经》分为三十二品 (相当于章) , 然后逐品作了讲解。每一品均以一首偈颂作总结, 以阐发自己的研究心得。《金刚经》中的疑难之处, 于中剖析得淋漓尽致。《楞严大义今释》为南怀瑾先生撰著的《楞严经》全本的大义今释, 内容包括: 原文、注释、今译和串讲。 | |
| 600 | 0 | @a南怀瑾@f(1918-)@j文集 |
| 605 | @a金刚经@x研究 | |
| 606 | 0 | @a文史哲@y中国@j文集 |
| 690 | @aC52@v5 | |
| 690 | @aB942.1@v5 | |
| 701 | 0 | @a南怀瑾@Anan huai jin@f(1918-2012)@4著述 |
| 801 | 0 | @aCN@b卓展宏图@c20150525 |
| 905 | @dC52@e281:9@f4 | |
| 南怀瑾选集.第九卷.金刚经说什么 楞严大义今释/南怀瑾述.-上海:复旦大学出版社,2013 |
| 12, 699页;23cm |
| 典藏版 |
| ISBN 978-7-309-09446-6(精装):CNY78.00 |
| 本书为南怀瑾先生有关《金刚经》的讲记。作者依据梁代昭明太子的分法, 将《金刚经》分为三十二品 (相当于章) , 然后逐品作了讲解。每一品均以一首偈颂作总结, 以阐发自己的研究心得。《金刚经》中的疑难之处, 于中剖析得淋漓尽致。《楞严大义今释》为南怀瑾先生撰著的《楞严经》全本的大义今释, 内容包括: 原文、注释、今译和串讲。 |
| ● |
| 相关链接 |
|
|
|
|
正题名:南怀瑾选集
索取号:C52/281:9
 
预约/预借
| 序号 | 登录号 | 条形码 | 馆藏地/架位号 | 状态 | 备注 |
| 1 | 854470 | 208544707 | 第一样本阅览室/ [索取号:C52/281:9] | 在馆 | |
| 2 | 854471 | 208544716 | 第一借阅区/ [索取号:C52/281:9] | 在馆 | |
| 3 | 854472 | 208544725 | 第一借阅区/ [索取号:C52/281:9] | 在馆 | |
| 4 | 854473 | 208544734 | 教育系资料室/ [索取号:C52/281:9] | 在馆 |